[Event "Remote Random-170 email"]
[Site "Remote email"]
[Date "2013.11.28"]
[Round "?"]
[White "Elschner, Gerald"]
[Black "Gottwald, Bernhard"]
[Result "1-0"]
[WhiteElo "2231"]
[BlackElo "1870"]
[PlyCount "37"]
[EventDate "2013.??.??"]
[EventType "tourn (corr)"]
[EventRounds "6"]
[EventCountry "GER"]
[SourceTitle "Corr 2015"]
[Source "ChessBase"]
[SourceDate "2015.07.17"]
[SourceVersion "1"]
[SourceVersionDate "2015.07.17"]
[SourceQuality "1"]

1. e4 e5 2. Nf3 Nc6 3. Bb5 a6 4. Ba4 Nf6 5. 0-0 b5 6. Bb3 d6 7. Ng5 d5 8. exd5 Nd4 9. Re1 Bc5 10. Rxe5+ Kf8 11. c3 Nxb3 12. axb3 Ng4 13. d4 Bd6 14. Nf3 Bxe5 15. dxe5 Bf5 16. h3 Nh6 17. Bg5 f6 18. exf6 Qd6 19. Qd4 1-0

[Event "Remote Random-170 email"]
[Site "Remote email"]
[Date "2013.11.28"]
[Round "?"]
[White "Elschner, Gerald"]
[Black "Henkel, Phil"]
[Result "1-0"]
[WhiteElo "2231"]
[BlackElo "1888"]
[PlyCount "39"]
[EventDate "2013.??.??"]
[EventType "tourn (corr)"]
[EventRounds "6"]
[EventCountry "GER"]
[SourceTitle "Corr 2015"]
[Source "ChessBase"]
[SourceDate "2015.07.17"]
[SourceVersion "1"]
[SourceVersionDate "2015.07.17"]
[SourceQuality "1"]

1. e4 e5 2. Nf3 Nc6 3. Bb5 a6 4. Ba4 Nf6 5. 0-0 b5 6. Bb3 d6 7. Ng5 d5 8. exd5 Nd4 9. Re1 Bc5 10. Rxe5+ Kf8 11. c3 Nxb3 12. axb3 Bxf2+ 13. Kf1 Ng4 14. d4 Bh4 15. Nf3 Bf6 16. Re1 Qxd5 17. h3 Nh6 18. Bf4 c5 19. dxc5 Qxc5 20. Bd6+ 1-0